<?xml version="1.0" encoding="UTF-8"?><?xml-stylesheet type="text/xsl" href="static/style.xsl"?><OAI-PMH xmlns="http://www.openarchives.org/OAI/2.0/" xmlns:xsi="http://www.w3.org/2001/XMLSchema-instance" xsi:schemaLocation="http://www.openarchives.org/OAI/2.0/ http://www.openarchives.org/OAI/2.0/OAI-PMH.xsd"><responseDate>2026-06-07T16:08:55Z</responseDate><request verb="GetRecord" identifier="oai:docta.ucm.es:20.500.14352/125803" metadataPrefix="marc">https://docta.ucm.es/rest/oai/request</request><GetRecord><record><header><identifier>oai:docta.ucm.es:20.500.14352/125803</identifier><datestamp>2025-11-07T00:47:30Z</datestamp><setSpec>com_20.500.14352_14</setSpec><setSpec>col_20.500.14352_15</setSpec></header><metadata><record xmlns="http://www.loc.gov/MARC21/slim" xmlns:dcterms="http://purl.org/dc/terms/" xmlns:xsi="http://www.w3.org/2001/XMLSchema-instance" xmlns:doc="http://www.lyncode.com/xoai" xsi:schemaLocation="http://www.loc.gov/MARC21/slim http://www.loc.gov/standards/marcxml/schema/MARC21slim.xsd">
   <leader>00925njm 22002777a 4500</leader>
   <datafield ind2=" " ind1=" " tag="042">
      <subfield code="a">dc</subfield>
   </datafield>
   <datafield ind2=" " ind1=" " tag="720">
      <subfield code="a">Carrillo-Mora, Juan Pablo</subfield>
      <subfield code="e">author</subfield>
   </datafield>
   <datafield ind2=" " ind1=" " tag="720">
      <subfield code="a">Pires Monteiro, Moniellen</subfield>
      <subfield code="e">author</subfield>
   </datafield>
   <datafield ind2=" " ind1=" " tag="720">
      <subfield code="a">Marconi, V. I.</subfield>
      <subfield code="e">author</subfield>
   </datafield>
   <datafield ind2=" " ind1=" " tag="720">
      <subfield code="a">Cordero, María Luisa</subfield>
      <subfield code="e">author</subfield>
   </datafield>
   <datafield ind2=" " ind1=" " tag="720">
      <subfield code="a">Brito López, Ricardo</subfield>
      <subfield code="e">author</subfield>
   </datafield>
   <datafield ind2=" " ind1=" " tag="720">
      <subfield code="a">Soto, Rodrigo</subfield>
      <subfield code="e">author</subfield>
   </datafield>
   <datafield ind2=" " ind1=" " tag="260">
      <subfield code="c">2025-09-26</subfield>
   </datafield>
   <datafield ind2=" " ind1=" " tag="520">
      <subfield code="a">The trajectories of microswimmers moving in narrow channels of widths comparable to their sizes are significantly altered when they encounter another microswimmer moving in the opposite direction. The consequence of these encounters is a delay in the progress of both swimmers, which can be conceptualized as an instantaneous effective backward displacement. Similarly, the modeling of tumble events in bacteria, which occur over a finite time, can be represented as an instantaneous effective displacement in addition to a change in direction. Such effective displacements can be incorporated directly into a kinetic theory for the partial densities of swimmers moving in the channel. The linear analysis of the resulting equation yields the critical density at which clusters emerge. The methodology is then applied to the case of soil bacteria moving in long channels of cross-section 1.8 μm × 1.8 μm. The tracking of the swimmers permits the straightforward acquisition of the effective displacements, which in turn allows the critical density (ρcrit ≃ 0.10 bact/μm) to be predicted prior to cluster formation. The advantage of this proposed approach is that it does not necessitate the determination of an effective density-dependent speed, which is a requisite of the standard motilityinduced phase separation theory.</subfield>
   </datafield>
   <datafield ind1="8" ind2=" " tag="024">
      <subfield code="a">Carrillo-Mora, J.P., Pires Monteiro, M., Marconi, V.I. et al. Preventing clustering of active particles in microchannels. Commun Phys 8, 374 (2025). https://doi.org/10.1038/s42005-025-02283-y</subfield>
   </datafield>
   <datafield ind1="8" ind2=" " tag="024">
      <subfield code="a">10.1038/s42005-025-02283-y</subfield>
   </datafield>
   <datafield ind1="8" ind2=" " tag="024">
      <subfield code="a">https://hdl.handle.net/20.500.14352/125803</subfield>
   </datafield>
   <datafield ind1="8" ind2=" " tag="024">
      <subfield code="a">2399-3650</subfield>
   </datafield>
   <datafield ind1="8" ind2=" " tag="024">
      <subfield code="a">https://doi.org/10.1038/s42005-025-02283-y</subfield>
   </datafield>
   <datafield ind1="8" ind2=" " tag="024">
      <subfield code="a">https://www.nature.com/articles/s42005-025-02283-y</subfield>
   </datafield>
   <datafield ind2="0" ind1="0" tag="245">
      <subfield code="a">Preventing clustering of active particles in microchannels</subfield>
   </datafield>
</record></metadata></record></GetRecord></OAI-PMH>